| 000 | 00690nam a2200241 u 4500 | ||
|---|---|---|---|
| 005 | 20240924070130.0 | ||
| 008 | 100624s2005 mx r 000 0 spa d | ||
| 020 | _a9706668217 | ||
| 035 | _aUPN01000176967 | ||
| 049 | _aCG | ||
| 050 | 4 |
_aJC179 _bR6.28f 2005 |
|
| 100 | 1 |
_aRousseau, Jean-Jacques, _d1712-1778 |
|
| 245 | 1 | 3 |
_aEl contrato social / _cJuan Jacobo Rousseau ; tr. Rafael Rutiaga. |
| 250 | _a2a ed. | ||
| 260 |
_aMéxico : _bTomo, _c2005. |
||
| 300 | _a185 p. | ||
| 440 | 0 | _aClásicos philosophia | |
| 534 |
_pTraducción de: _tDu contrat Social |
||
| 650 | 4 |
_aEstado _96019 |
|
| 650 | 2 |
_aContrato social _912342 |
|
| 650 | 4 |
_aCiencias políticas _96023 |
|
| 905 | _aLibro | ||
| 999 |
_c149070 _d149070 |
||